000
00300cam a22000977a 4500
008
180718b1960 xxu||||| |||| 00| 0 eng d
082
_a
L2603x5453 K45r
245
_a
Rules and notification: Travancore- cochin vehicles taxation act, 1950
260
_a
Trivandrum
_b
Government Press
_c
1960
300
_a
67p.
999
_c
429406
_d
429406